Prénoms filles 2022 - Statistiques

Statistiques générales
  • Ce quiz a été pris 1 990 fois
    412 depuis la dernière actualisation
  • Le résultat moyen est 47 sur 100
Statistiques - réponses
Hint Lettre Prénom % Correct
12 L Lou
88%
16 L Léa
87%
3 E Emma
86%
1 J Jade
82%
5 A Anna
78%
2 L Louise
78%
20 J Juliette
76%
74 M Marie
75%
27 Z Zoé
74%
18 C Chloé
72%
4 R Rose
70%
45 M Manon
69%
24 J Jeanne
68%
14 J Julia
68%
37 R Romane
67%
6 A Alice
66%
50 C Clara
66%
52 C Camille
64%
11 L Léna
64%
48 S Sarah
64%
89 L Lisa
63%
23 L Lola
61%
22 E Eva
60%
43 I Inès
60%
17 L Lina
60%
28 L Lucie
60%
40 E Élise
57%
8 A Ambre
56%
72 V Victoire
56%
49 O Olivia
55%
57 V Valentine
55%
73 V Victoria
55%
7 A Alba
54%
86 L Lilou
54%
41 L Lily
54%
35 N Nina
53%
55 A Anaïs
52%
13 I Iris
52%
9 M Mia
52%
10 R Romy
52%
51 L Lise
51%
85 N Noémie
51%
29 C Charlotte
50%
36 L Louna
50%
39 C Clémence
49%
96 M Maria
49%
60 A Alicia
48%
31 L Luna
48%
21 A Agathe
47%
56 G Gabrielle
47%
30 M Margaux
47%
33 M Mila
47%
19 E Elena
46%
58 L Lila
46%
54 T Théa
46%
77 Y Yasmine
46%
64 H Héloïse
45%
44 M Margot
45%
63 M Mathilde
45%
53 A Alma
44%
61 L Lana
44%
91 C Célia
43%
25 E Emy
43%
26 L Léonie
40%
15 A Adèle
39%
34 G Giulia
38%
59 M Maëlys
38%
47 A Ava
37%
82 C Charlie
37%
70 M Maya
37%
46 M Mya
37%
69 T Thaïs
37%
78 L Léana
36%
80 S Sofia
36%
68 E Ella
34%
81 R Roxane
34%
95 E Elsa
33%
38 L Lya
33%
65 A Alix
32%
62 C Capucine
31%
99 L/R Lili Rose
30%
83 V Valentina
30%
98 M Mélina
29%
100 N Noûr
29%
88 S Salomé
28%
93 D Diane
27%
76 J Joséphine
26%
75 A Albane
24%
67 C Constance
24%
94 G Garance
24%
42 A Apolline
23%
71 J Joy
23%
32 L Lyana
21%
97 A Arya
20%
90 A Assia
20%
87 C Céleste
20%
79 E Éléonore
20%
66 L Livia
20%
84 S Suzanne
19%
92 M Maddy
9%
Aucun quiz correspondant
Distribution des résultats
% des personnes avec chaque résultat
Percentile par nombre de réponses
Votre historique - résultats
Vous n’avez pas pris ce quiz depuis la dernière actualisation